| 000 | 01051cad a22001815a 4500 | ||
|---|---|---|---|
| 001 | E141232 | ||
| 008 | 071105n2006 stk f s000 0 eng d | ||
| 035 | _a(Sirsi) u141232 | ||
| 041 | 0 | _aeng | |
| 110 | 1 |
_aScotland _bScottish Executive _94769 |
|
| 245 | 0 | 4 |
_aJoint agency statement and guidance on deer fencing _h[electronic resource] |
| 260 |
_aEdinburgh _bScottish Executive _c2004 |
||
| 520 | _aSeeks to promote best practice and assist both private individuals and public sector agencies in deciding whether to fund and/or permit deer fencing. Deer fencing can serve a useful purpose for controlling deer, helping to achieve environmental objectives and preventing deer causing a public hazard. Includes references and further reading. | ||
| 651 | 4 |
_aScotland _y1999- |
|
| 690 | _aENVIRONMENTAL AND LAND CONSULTANCY-FORESTRY AND WOODLAND MANAGEMENT | ||
| 856 | 4 | 1 |
_uhttps://www.snh.org.uk/pdfs/publications/dcs/joint%20agency%20statement%20and%20guidance%20on%20deer%20fencing.pdf _zView the document free of charge at www.snh.org.uk |
| 942 | _n0 | ||
| 999 |
_c107616 _d107616 |
||